书目信息 |
| 题名: |
书帽集锦
|
|
| 作者: | ||
| 分册: | ||
| 出版信息: | 北京 中国曲艺出版社 1982 |
|
| 页数: | 137页 | |
| 开本: | 19cm | |
| 丛书名: | ||
| 单 册: | ||
| 中图分类: | I239.27 | |
| 科图分类: | ||
| 主题词: | 书帽--中国--现代--选集 | |
| 电子资源: | ||
| ISBN: | ||
| 000 | 00541nam0 2200217 45 | |
| 001 | 0182009006 | |
| 005 | 20060915094727.68 | |
| 010 | @dCNY0.36 | |
| 091 | @a10227.025 | |
| 100 | @a19950829d1982 em y0chiy0121 ea | |
| 101 | 0 | @achi |
| 102 | @aCN@b110000 | |
| 105 | @ay z 000by | |
| 200 | 10 | @a书帽集锦@Ashu mao ji jin |
| 210 | @a北京@c中国曲艺出版社@d1982 | |
| 215 | @a137页@d19cm | |
| 606 | @a书帽@y中国@z现代@x选集 | |
| 690 | @aI239.27@v3 | |
| 801 | 2 | @aCN@bNLC@c20060915 |
| 801 | 0 | @aCN@bTSSF@c20060914 |
| 905 | @a10447@dI239.27@e85 | |
| 书帽集锦.-北京:中国曲艺出版社,1982 |
| 137页;19cm |
| ISBN :CNY0.36 |
| ● |
| 相关链接 |
|
|
|
|
正题名:书帽集锦
索取号:I239.27/85
 
预约/预借
| 序号 | 登录号 | 条形码 | 馆藏地/架位号 | 状态 | 备注 |
| 1 | 0429281 | 204292817 | 密集书库/ [索取号:I239.27/85] | 在馆 | |
| 2 | 0429282 | 204292826 | 密集书库/ [索取号:I239.27/85] | 在馆 | |
| 3 | 0468112 | 204681120 | 密集书库/ [索取号:I239.27/85] | 在馆 | |
| 4 | 0468113 | 204681139 | 密集书库/ [索取号:I239.27/85] | 在馆 | |
| 5 | 0472436 | 204724361 | 密集书库/ [索取号:I239.27/85] | 在馆 | |
| 6 | 0473645 | 204736456 | 密集书库/ [索取号:I239.27/85] | 在馆 | |
| 7 | 0474129 | 204741299 | 密集书库/ [索取号:I239.27/85] | 在馆 | |
| 8 | 0474500 | 204745008 | 密集书库/ [索取号:I239.27/85] | 在馆 | |
| 9 | 0475088 | 204750885 | 密集书库/ [索取号:I239.27/85] | 在馆 |